Rapport du séminaire opérationnel interregional sur les condition de l´eneseignement primarie en vue d´mejoriorer sa pertinence dans les zonas rurales (Record no. 213977)

MARC details
000 -CABECERA
campo de control de longitud fija 00823nam a22002057a 4500
003 - IDENTIFICADOR DEL NÚMERO DE CONTROL
campo de control MX-MxUPN
005 - FECHA Y HORA DE LA ÚLTIMA TRANSACCIÓN
campo de control 20250930141642.0
008 - ELEMENTOS DE LONGITUD FIJA--INFORMACIÓN GENERAL
campo de control de longitud fija 250903s1985 fr ||||fr|||| 100 0 fre d
040 ## - FUENTE DE LA CATALOGACIÓN
Centro catalogador/agencia de origen MXUPN
Lengua de catalogación spa
Centro/agencia transcriptor MX-MxUPN
041 0# - CÓDIGO DE IDIOMA
Código de lengua del texto/banda sonora o título independiente fre
050 14 - SIGNATURA TOPOGRÁFICA DE LA BIBLIOTECA DEL CONGRESO
Número de clasificación LB1537
Número de documento/Ítem O7 1985
111 2# - ASIENTO PRINCIPAL--NOMBRE DE REUNION
Nombre de congreso/reunión o jurisdicción como elemento de entrada Seminario operativo interregional sobre las condiciones de la educación primaria
Fecha del congreso/reunión (1985:
Sede del congreso/Lugar de la reunión Arusha, Tanzania)
9 (RLIN) 58042
245 10 - MENCIÓN DE TÍTULO
Título Rapport du séminaire opérationnel interregional sur les condition de l´eneseignement primarie en vue d´mejoriorer sa pertinence dans les zonas rurales
260 ## - PUBLICACIÓN, DISTRIBUCIÓN, ETC.
Lugar de publicación, distribución, etc. París :
Nombre del editor, distribuidor, etc. Unesco,
Fecha de publicación, distribución, etc. 1985
300 ## - DESCRIPCIÓN FÍSICA
Extensión 1 volumen en varias paginaciones
650 #4 - ASIENTO SECUNDARIO DE MATERIA - TERMINO TEMATICO
Término de materia o nombre geográfico como elemento de entrada Educación primaria
Subdivisión de forma Congresos
9 (RLIN) 9144
650 #4 - ASIENTO SECUNDARIO DE MATERIA - TERMINO TEMATICO
Término de materia o nombre geográfico como elemento de entrada Educación rural
Subdivisión geográfica América Latina
9 (RLIN) 19071
902 ## - ELEMENTOS DE DATOS B LOCAL, LDB (RLIN)
Creó Berenice Martínez/030925
942 ## - ELEMENTOS DE PUNTO DE ACCESO ADICIONAL (KOHA)
Fuente del sistema de clasificación o colocación Library of Congress Classification
Tipo de ítem Koha Libro
Holdings
Estado de retiro Estado de pérdida Fuente del sistema de clasificación o colocación Estado dañado No para préstamo Código de colección Localización permanente Ubicación/localización actual Ubicación en estantería Fecha de adquisición Total de préstamos Clasificación Código de barras Fecha visto por última vez Precio válido a partir de Tipo de ítem Koha
    Library of Congress Classification   Disponible (Préstamo en sala) UNESCO Bib. Gregorio Torres Quintero Bib. Gregorio Torres Quintero Colecciones especiales Planta alta 03/09/2025   LB1537 O7 1985 U7421 03/09/2025 03/09/2025 Libro